Guess the Game by the Quote 2 - Statistics

General Stats
  • This quiz has been taken 11 times
  • The average score is 5 of 20
Answer Stats
Quote Game % Correct
"Thank you so much for to playing my game!" Super Mario 64
80%
"Do you get to the Cloud District often? Oh what am I thinking? Of course you don't." The Elder Scrolls V: Skyrim
80%
"Nobody steals our chicks... and lives." Duke Nukem 3D
60%
"How 'bout a nice cup of Liber-TEA!" Helldivers II
60%
"Okay, okay. So you put a Nazi on the Moon. Fuck you, Moon." Wolfenstein: The New Order
60%
"Dead. Not big surprise." Team Fortress 2
40%
"I'm very excited now. The anticipation. Ooh. I always learn so much... from a live dissection. A dissection? No, no no no, that sounds too humane. Your death will be... painful." Warframe
40%
"Tomorrow, There Will Be No Shortage Of Volunteers, No Shortage Of Patriots." Call of Duty: Modern Warfare 2
20%
"My sun... it's setting..." Dark Souls
20%
"Holy shit, guys! Kiddieland!" Left 4 Dead 2
20%
"Memes. The DNA of the soul. They shape our will. They are the culture -- they are everything we pass on." Metal Gear Rising: Revengeance
20%
"I'd hoped that after getting a punching bag for the office, Max would stop hitting me all the time.""But that's how I show affection!" "Well, could you stop loving me so much before 6 a.m.?" Sam & Max: Beyond Time & Space
20%
"We've captured a command post!" Star Wars Battlefront II
20%
"The Executive Restroom Has Been Missing For Weeks" Control
0%
"Oh, I know what the ladies like." Halo 2
0%
"I'm fully aware of what I'm doing. Can't you see? Man committed a sin... disturbing the life cycle of nature... The original sin that man is responsible to... To protect the life cycle. I have made a creature to rule over mankind... This is the final battle. Show yourself! Our new ruler, the Emperor!" House of the Dead 2
0%
"The past is a gaping hole. You try to run from it, but the more you run, the deeper, more terrible it grows behind you, its edges yawning at your heels. Your only chance is to turn around and face it. But it's like looking down into the grave of your love. Or kissing the mouth of a gun, a bullet trembling in its dark nest, ready to blow your head off." Max Payne 2: The Fall of Max Payne
0%
"They'll bury you in a lunchbox!" Rise of the Triad
0%
"Three soldiers against a fat-ass with an iPod. I'm less than worried." Spec Ops: The Line
0%
"Okay, you know how this story starts. In the beginning, there wasn't shit. Literally. Nothing but void and darkness." The Darkness II
0%
No matching quizzes found
Score Distribution
Percent of People with Each Score
Percentile by Number Answered
Your Score History
You have not taken this quiz